| 000 | 00564nam a2200181Ia 4500 | ||
|---|---|---|---|
| 005 | 20240719035423.0 | ||
| 008 | 240331s9999 xx 000 0 und d | ||
| 020 | _a13910590 | ||
| 082 |
_bAFT _a282 |
||
| 100 | _aCentre for Society and Religion, | ||
| 245 | 0 |
_aAfter Vatican two Acts ofthe second provincial Synod of Colombo in Ceylon 1968-1969 : _bIncluding the first National Pastoral Convention |
|
| 260 |
_aColombo _bCentre for Society & Religion _c1969 |
||
| 300 | _a131 p ., | ||
| 650 | _aSocial | ||
| 650 | _aSociety | ||
| 650 | _aReligion | ||
| 942 | _cL | ||
| 999 |
_c2649 _d2649 |
||